| 000 | 00921nam a22002895a 4500 | ||
|---|---|---|---|
| 008 | 161127t2015 xxua|||fr|||| 001 0 eng d | ||
| 020 | _a9781107483613 | ||
| 040 |
_aEG-ScBUE _beng _cEG-ScBUE |
||
| 082 | 0 | 4 |
_222 _a302.35 _bBUR |
| 100 | 1 | _aBurton, Richard M. | |
| 245 | 1 | 0 |
_a Organizational design : _bA step-by-step approach / _cRichard M. Burton |
| 250 | _a3rd ed. | ||
| 260 |
_aUnited Kingdom : _bCambridge University Press, _c2015. |
||
| 300 |
_axviii, 304 p. : _bill. _c26 cm. |
||
| 500 | _aIndex : p. 297-304. | ||
| 504 | _aIndex : p. 289-296. | ||
| 590 | _aSuzan Ashmawy | ||
| 650 | 7 |
_2BUEsh _aOrganization |
|
| 650 | 7 |
_2BUEsh _aCorporate culture |
|
| 650 | 7 |
_2BUEsh _aPsychology _xIndustrial. |
|
| 651 | _2BUEsh | ||
| 653 |
_bBUSECO _cNovember2016 |
||
| 700 | 1 |
_aObel, Børge; _eauthor. |
|
| 700 | 1 |
_a DeSanctis, Gerardine; _eauthor. |
|
| 700 | 1 |
_a Håkonsson, Dorthe Døjbak _eauthor. |
|
| 942 | _2ddc | ||
| 999 |
_c23355 _d23327 |
||